Top 10 smm2 - Statistiques

Statistiques générales
  • Ce quiz a été pris 17 fois
  • Le résultat moyen est 7 sur 10
Statistiques - réponses
Hint Réponse % Correct
3 Verdant Double
100%
5 Fracture Ray
91%
4 Nostalgic Endeavours
91%
2 君の銀の庭 <90s>
82%
1 チョコ式スピードランver5
82%
8 My Front Yard
73%
7 -Geranium-
64%
6 きらきらあくむ ~Ominous Organisms~
55%
10 Glacial Eclipse
45%
9 ふわふわあくむ ~Duplicated Destructors~
36%
Aucun quiz correspondant
Distribution des résultats
% des personnes avec chaque résultat
Percentile par nombre de réponses
Votre historique - résultats
Vous n’avez pas pris ce quiz